500 Most Popular Girls Names in the US (2023) - Alphabetical - Statistics

General Stats
  • This quiz has been taken 2,573 times
  • The average score is 242 of 500
Answer Stats
Answer % Correct
224 A Ana
97%
79 A Anna
93%
372 A Alivia
90%
1 O Olivia
90%
2 E Emma
86%
4 A Amelia
84%
421 E Elisa
84%
116 E Eliza
84%
32 E Ella
84%
42 E Emilia
84%
463 A Ari
83%
8 A Ava
83%
423 E Emely
83%
18 E Emily
83%
164 I Isabel
83%
159 I Isabelle
83%
332 C Catherine
81%
3 C Charlotte
81%
15 E Elizabeth
81%
169 K Katherine
81%
257 L Lilly
81%
20 L Lily
81%
24 A Aria
80%
337 A Ariyah
80%
139 A Arya
80%
122 J Julia
80%
189 S Sara
80%
91 S Sarah
80%
407 S Sarai
80%
48 H Hannah
79%
365 L Laura
79%
135 M Mary
79%
112 E Eva
78%
7 I Isabella
78%
483 I Izabella
78%
82 M Maria
78%
393 M Mariah
78%
31 A Abigail
77%
200 A Amy
77%
26 C Chloe
77%
53 L Leah
76%
209 L Lia
76%
6 M Mia
76%
39 G Grace
75%
216 K Khloe
75%
124 R Rose
74%
12 S Sofia
74%
5 S Sophia
74%
204 A Alexandra
73%
65 A Alice
73%
96 A Ariana
73%
188 A Arianna
73%
126 A Ashley
73%
106 B Bella
73%
9 E Evelyn
73%
320 E Evelynn
73%
90 H Hailey
73%
33 I Isla
73%
255 R Rachel
73%
45 V Victoria
73%
471 A Alison
72%
100 A Allison
72%
83 C Caroline
72%
478 K Kate
72%
40 L Lucy
72%
482 M Maddison
72%
36 M Madison
72%
27 E Ellie
71%
343 L Lauren
71%
25 N Nora
71%
201 N Norah
71%
37 Z Zoe
71%
51 Z Zoey
71%
202 A Annie
70%
441 E Elle
70%
281 J Jane
70%
486 D Dayana
69%
228 D Diana
69%
63 N Natalie
69%
114 S Samantha
69%
62 A Addison
68%
60 S Sophie
68%
484 A Amanda
67%
74 A Audrey
67%
29 A Avery
67%
104 A Ayla
67%
444 M Madeleine
67%
94 M Madeline
67%
58 M Madelyn
67%
491 M Madelynn
67%
360 M Madilyn
67%
67 C Claire
66%
86 A Aaliyah
65%
218 A Alaina
65%
315 A Alayna
65%
220 A Aliyah
65%
13 C Camila
65%
336 C Camilla
65%
272 E Elaina
65%
47 E Elena
65%
258 K Kamila
65%
55 L Lillian
65%
23 P Penelope
65%
177 A Ada
64%
449 A Alexis
64%
470 B Briana
64%
152 B Brianna
64%
110 D Daisy
64%
495 D Danielle
64%
297 G Gabriela
64%
89 G Gabriella
64%
81 J Jade
64%
10 L Luna
64%
132 M Margaret
64%
181 O Olive
64%
256 A Angela
63%
296 A Aubree
63%
101 A Aubrey
63%
99 C Clara
63%
170 E Ember
63%
11 H Harper
63%
38 I Ivy
63%
312 L Laila
63%
30 L Layla
63%
240 L Leila
63%
327 N Nicole
63%
261 T Taylor
63%
341 A Annabelle
62%
22 A Aurora
62%
358 C Charlee
62%
435 C Charli
62%
125 C Charlie
62%
128 G Georgia
62%
459 M Maia
62%
50 M Maya
62%
28 M Mila
62%
340 M Mya
62%
183 M Myla
62%
388 M Mylah
62%
43 R Riley
62%
117 R Rylee
62%
260 R Ryleigh
62%
16 V Violet
62%
192 A Adaline
61%
195 A Adalyn
61%
129 A Adalynn
61%
71 A Adeline
61%
319 A Adelyn
61%
385 A Adelynn
61%
440 A Alicia
61%
93 C Cora
61%
14 E Eleanor
61%
405 F Frances
61%
269 G Gia
61%
190 J Jasmine
61%
324 K Kayla
61%
409 M Melissa
61%
252 D Daniela
60%
431 D Daniella
60%
397 H Helen
60%
302 H Hope
60%
292 J Juliet
60%
160 J Juliette
60%
222 K Kimberly
60%
207 K Kylie
60%
208 M Molly
60%
317 R Rebecca
60%
41 W Willow
60%
333 A Alyssa
59%
299 B Brooke
59%
64 J Josephine
59%
171 J June
59%
271 L Lena
59%
213 L Lila
59%
198 L Lilah
59%
98 L Lyla
59%
95 N Natalia
59%
85 Q Quinn
58%
184 A Alana
57%
453 A Alanna
57%
173 A Andrea
57%
314 A Angelina
57%
400 F Fiona
57%
21 G Gianna
57%
450 H Holly
57%
78 I Iris
57%
401 M Michelle
57%
66 R Ruby
57%
87 V Vivian
57%
235 V Vivienne
57%
309 A Adriana
56%
242 F Faith
56%
249 G Gracie
56%
263 L Lola
56%
44 N Naomi
56%
229 S Selena
56%
46 S Stella
56%
468 S Stephanie
56%
304 V Vanessa
56%
236 Z Zara
56%
288 A Ariel
55%
417 A Arielle
55%
75 A Autumn
55%
138 E Esther
55%
410 V Veronica
55%
172 B Bailey
54%
499 J Jordan
54%
266 J Jordyn
54%
102 M Millie
54%
411 M Mira
54%
338 N Nina
54%
392 R Rosie
54%
196 W Wren
54%
52 D Delilah
53%
265 E Evie
53%
339 J Joanna
53%
108 J Josie
53%
248 J Juliana
53%
330 J Julianna
53%
130 M Melanie
53%
144 V Valerie
53%
447 C Cali
52%
179 C Callie
52%
268 C Camille
52%
424 C Carolina
52%
290 K Kali
52%
230 K Kiara
52%
430 K Kira
52%
88 L Liliana
52%
376 L Lilliana
52%
404 A Alexandria
51%
84 B Brooklyn
51%
373 B Brooklynn
51%
180 K Kaylee
51%
59 S Sadie
51%
141 S Summer
51%
34 E Eliana
50%
291 E Elianna
50%
115 E Elliana
50%
19 H Hazel
50%
416 L Lana
50%
187 R Ruth
50%
465 S Scarlet
50%
17 S Scarlett
50%
456 H Helena
49%
165 M Mackenzie
49%
436 M Mckenzie
49%
191 P Phoebe
49%
480 C Cameron
48%
494 C Camryn
48%
497 C Cecelia
48%
137 C Cecilia
48%
316 K Kendall
48%
109 L Lucia
48%
97 L Lydia
48%
318 M Maggie
48%
457 M Makayla
48%
284 A Adelaide
47%
274 E Elise
47%
80 E Eloise
47%
374 F Francesca
47%
92 S Savannah
47%
375 S Serena
47%
140 S Sienna
47%
163 E Elsie
46%
398 E Everlee
46%
149 E Everleigh
46%
69 E Everly
46%
103 M Melody
46%
267 O Ophelia
46%
56 P Paisley
46%
310 P Payton
46%
142 P Peyton
46%
396 S Sabrina
46%
150 A Alina
45%
221 B Blake
45%
77 E Eden
45%
247 M Morgan
45%
76 A Athena
44%
134 B Brielle
44%
439 D Destiny
44%
161 E Emerson
44%
146 E Emersyn
44%
136 F Freya
44%
346 H Harley
44%
455 J Joy
44%
72 K Kennedy
44%
35 N Nova
44%
354 P Paige
44%
446 S Skye
44%
306 S Sydney
44%
223 V Vera
44%
496 C Cassidy
43%
454 F Felicity
43%
176 G Gemma
43%
133 P Piper
43%
123 A Amara
42%
362 A Amora
42%
185 A Ariella
42%
241 D Daphne
42%
70 E Emery
42%
366 E Emory
42%
325 E Esme
42%
194 H Hallie
42%
219 H Haven
42%
118 N Nevaeh
42%
493 P Paris
42%
154 V Valeria
42%
464 B Bianca
41%
295 D Danna
41%
119 H Hadley
41%
479 L Liana
41%
313 L London
41%
276 L Londyn
41%
285 L Lucille
41%
245 M Mariana
41%
107 S Skylar
41%
49 V Valentina
41%
428 W Willa
41%
212 E Evangeline
40%
474 M Macie
40%
148 M Margot
40%
289 P Poppy
40%
167 A Anastasia
39%
413 B Brynn
39%
434 C Carmen
39%
113 J Juniper
39%
293 M Maisie
39%
489 N Nadia
39%
121 P Parker
39%
418 R Raegan
39%
168 R Reagan
39%
182 R Rosalie
39%
162 A Amaya
38%
466 A Amiyah
38%
166 G Genevieve
38%
73 M Maeve
38%
227 A Arabella
37%
253 D Dahlia
37%
487 G Gracelyn
37%
377 G Gracelynn
37%
231 H Harmony
37%
131 A Amira
36%
458 A Amirah
36%
262 D Dakota
36%
238 H Harlow
36%
351 H Heidi
36%
347 J Jocelyn
36%
475 M Makenna
36%
326 M Mckenna
36%
206 N Noelle
36%
239 B Blair
35%
403 B Briella
35%
186 K Kaia
35%
278 M Mabel
35%
283 M Marley
35%
264 T Talia
35%
370 W Winter
35%
384 W Wynter
35%
275 C Celeste
34%
381 E Elaine
34%
344 F Fatima
34%
57 G Genesis
34%
143 S Sage
34%
433 S Saige
34%
426 S Sylvia
34%
323 T Tessa
34%
322 A Amina
33%
345 G Giselle
33%
380 G Gwendolyn
33%
368 H Hayden
33%
68 K Kinsley
33%
61 L Leilani
33%
174 R Reese
33%
193 R River
33%
233 R Rowan
33%
105 S Serenity
33%
490 B Brinley
32%
254 B Brynlee
32%
467 D Dorothy
32%
477 J Jimena
32%
54 L Lainey
32%
437 M Matilda
32%
445 O Oaklee
32%
153 O Oakley
32%
349 T Trinity
32%
359 V Viviana
32%
158 X Ximena
32%
443 A Anya
31%
214 A Aspen
31%
356 L Logan
31%
329 L Luciana
31%
273 M Malia
31%
251 M Miriam
31%
197 P Presley
31%
414 R Reign
31%
127 R Remi
31%
311 R Rosemary
31%
321 T Thea
31%
155 B Blakely
30%
282 F Finley
30%
391 J Julieta
30%
472 L Lorelai
30%
485 L Lorelei
30%
250 N Nyla
30%
382 N Nylah
30%
308 T Teagan
30%
399 A Astrid
29%
300 C Celine
29%
383 H Hattie
29%
355 J Jayla
29%
211 L Leia
29%
305 R Rory
29%
151 S Sloane
29%
387 A Alessandra
28%
461 A Alma
28%
307 A Amari
28%
427 A Annalise
28%
234 D Delaney
28%
342 E Esmeralda
28%
298 N Noa
28%
395 R Raelyn
28%
111 R Raelynn
28%
386 A Adelina
27%
379 A Aisha
27%
390 A Anaya
27%
369 A Aniyah
27%
147 C Catalina
27%
394 D Demi
27%
210 J Journee
27%
334 J Journey
27%
451 K Katalina
27%
279 O Octavia
27%
361 R Raven
27%
280 S Sawyer
27%
120 A Alaia
26%
408 A Alaya
26%
389 A Alayah
26%
232 L Lilith
26%
481 L Lyra
26%
157 O Oaklynn
26%
353 R Raya
26%
371 A Aurelia
25%
488 O Opal
25%
203 Z Zuri
25%
301 A Alessia
24%
500 F Faye
24%
429 M Mallory
24%
328 R Regina
24%
178 A Alani
23%
225 K Kailani
23%
378 K Kalani
23%
246 K Kaylani
23%
156 K Kehlani
23%
215 S Saylor
22%
425 S Sylvie
22%
199 A Alora
21%
432 E Elora
21%
452 M Miley
21%
175 W Wrenley
21%
367 A Azalea
20%
259 S Samara
20%
226 T Tatum
20%
294 C Cataleya
19%
442 C Colette
19%
357 L Leighton
19%
243 L Lennon
19%
145 M Magnolia
19%
348 P Phoenix
19%
419 R Remington
19%
350 M Malani
18%
270 M Milani
18%
237 C Collins
17%
352 M Meadow
17%
438 M Miracle
17%
286 S Shiloh
17%
244 S Stevie
17%
335 D Dream
16%
498 H Haisley
16%
363 N Navy
16%
277 P Palmer
16%
422 A Aylin
15%
492 C Calliope
15%
448 D Daleyza
15%
364 I Itzel
15%
303 S Selah
15%
205 S Sutton
15%
402 X Xiomara
15%
460 A Armani
14%
406 S Sunny
14%
412 Z Zariah
14%
217 A Aitana
13%
476 I Imani
13%
415 M Maryam
13%
331 N Nayeli
13%
469 F Fernanda
12%
287 A Antonella
10%
473 R Renata
8%
420 S Salem
8%
462 A Anahi
6%
No matching quizzes found
Score Distribution
Percent of People with Each Score
Percentile by Number Answered
Your Score History
You have not taken this quiz